000 00516nam a2200229Ia 4500
005 20250425162102.0
008 250425s9999 xx 000 0 und d
041 _aspa
082 _a621.821
100 _aAA, S
245 0 _aNTN CHUMACERAS
250 _a1A ED.
260 _aJapón
_bNTN
_c1997
260 _aS.L.
_bNTN
300 _a437
650 _aCOJINETES
650 _aCOJINETES (MAQUINARIA)
650 _aCOJINETES ANTIFRICCION
710 _aNTN CORPORATION
942 _c01
010 _a48638
999 _c222027
_d222027